[Event "Olympiad Women-44"]
[Site "Chennai"]
[Date "2022.07.30"]
[Round "2.2"]
[White "Miranda Llanes, Yerisbel"]
[Black "Gitu, Paula Alexandra"]
[Result "1-0"]
[WhiteElo "2347"]
[BlackElo "2109"]
[PlyCount "113"]
[EventDate "2022.07.29"]
[EventType "team-swiss"]
[EventRounds "11"]
[EventCountry "IND"]
[SourceTitle "CBM 210"]
[Source "ChessBase"]
[SourceDate "2022.10.31"]
[SourceVersion "1"]
[SourceVersionDate "2022.10.31"]
[SourceQuality "1"]
[WhiteTeam "Cuba (W)"]
[BlackTeam "Moldova (W)"]
[WhiteTeamCountry "CUB"]
[BlackTeamCountry "MDA"]

1. d4 d6 2. Nf3 Bg4 3. e3 Nd7 4. c4 c6 5. Be2 Ngf6 6. Nc3 e5 7. 0-0 Be7 8. e4 0-0 9. Be3 Qc7 10. h3 Bxf3 11. Bxf3 exd4 12. Bxd4 Ne5 13. Be2 Nfd7 14. Qc2 Bf6 15. Rad1 Rfe8 16. Rfe1 Rad8 17. Bf1 h6 18. Be3 Ng6 19. Ne2 Nc5 20. f3 Qe7 21. g3 h5 22. Bg2 b6 23. b4 Na6 24. Qa4 Qb7 25. f4 Nc7 26. Bf2 b5 27. cxb5 Nxb5 28. Qb3 Be7 29. h4 Nc7 30. Nd4 d5 31. exd5 cxd5 32. a3 Bf6 33. Qa4 Rxe1+ 34. Rxe1 Ne7 35. Nb3 Nf5 36. Nc5 Qb8 37. Nd7 Qb5 38. Nxf6+ gxf6 39. Qc2 Qd7 40. Rc1 Nb5 41. Bh3 Nbd6 42. Qd3 Ne4 43. Re1 Re8 44. Rd1 Qe6 45. Bxa7 Nexg3 46. Bf2 Ne4 47. Bd4 Ned6 48. a4 Qe4 49. Qxe4 Rxe4 50. Bc5 d4 51. a5 Rxf4 52. a6 Nb5 53. Rf1 Rxf1+ 54. Bxf1 Nc7 55. b5 Ne3 56. a7 Na8 57. b6 1-0

[Event "Online Olym Div Top-B"]
[Site "Chess.com INT"]
[Date "2021.09.08"]
[Round "1.5"]
[White "Gitu, Paula Alexandra"]
[Black "Janzelj, Lara"]
[Result "0-1"]
[WhiteElo "2113"]
[BlackElo "2186"]
[PlyCount "54"]
[EventDate "2021.09.08"]
[EventType "team (rapid)"]
[EventRounds "9"]
[EventCountry "USA"]
[SourceTitle "CBM 204 Extra"]
[Source "ChessBase"]
[SourceDate "2021.11.30"]
[SourceVersion "1"]
[SourceVersionDate "2021.11.30"]
[SourceQuality "1"]
[WhiteTeam "Moldova"]
[BlackTeam "Slovenia"]
[WhiteTeamCountry "MDA"]
[BlackTeamCountry "SLO"]

1. e4 e5 2. Bc4 Nf6 3. Nc3 Nc6 4. d3 Bb4 5. Nge2 d5 6. exd5 Nxd5 7. Bxd5 Qxd5 8. 0-0 Qd7 9. f4 f6 10. Be3 0-0 11. Ng3 b6 12. Nce4 Bb7 13. a3 Bd6 14. f5 Ne7 15. Qg4 Nd5 16. Bd2 Kh8 17. c4 Ne7 18. Nh5 Nc6 19. Rf3 Nd4 20. Rg3 Rf7 21. Rf1 Bxe4 22. dxe4 Rd8 23. b4 Qc6 24. Nxf6 gxf6 25. Bh6 Qd7 26. Rd1 a5 27. b5 Ne2+ 0-1

[Event "Online Olym Div2 B"]
[Site "Chess.com INT"]
[Date "2021.09.04"]
[Round "8.4"]
[White "Gitu, Paula Alexandra"]
[Black "Theissl Pokorna, Regina"]
[Result "0-1"]
[WhiteElo "2113"]
[BlackElo "2296"]
[PlyCount "114"]
[EventDate "2021.09.02"]
[EventType "team (rapid)"]
[EventRounds "9"]
[EventCountry "USA"]
[SourceTitle "CBM 204 Extra"]
[Source "ChessBase"]
[SourceDate "2021.11.30"]
[SourceVersion "1"]
[SourceVersionDate "2021.11.30"]
[SourceQuality "1"]
[WhiteTeam "Moldova"]
[BlackTeam "Austria"]
[WhiteTeamCountry "MDA"]
[BlackTeamCountry "AUT"]

1. e4 e5 2. Bc4 Nc6 3. Nc3 Nf6 4. d3 Bc5 5. f4 d6 6. Nf3 Bg4 7. Na4 exf4 8. Nxc5 dxc5 9. Bxf4 Nd4 10. c3 Ne6 11. Be3 Nd7 12. 0-0 Qe7 13. d4 cxd4 14. cxd4 0-0 15. Qe1 Rad8 16. d5 Nec5 17. Bg5 Qxe4 18. Qxe4 Nxe4 19. Bxd8 Rxd8 20. h3 Bxf3 21. Rxf3 Ne5 22. Re3 f5 23. Bb3 Nf7 24. Rf1 g6 25. g4 Nfd6 26. gxf5 gxf5 27. Kh2 Kg7 28. Rf4 Kf6 29. Ref3 Ke5 30. Kg1 Rg8+ 31. Kh2 b6 32. Rh4 Rg7 33. Rh5 a5 34. Rh6 Kd4 35. Bc2 Kxd5 36. Bxe4+ fxe4 37. Rf1 Kd4 38. Re6 Kd3 39. b3 Rg5 40. h4 Rc5 41. Kg3 Rc2 42. a4 e3 43. Rf3 Ne4+ 44. Kf4 Nc5 45. Rexe3+ Kd4 46. Kg3 Rb2 47. Re7 c6 48. Rxh7 Ne4+ 49. Kf4 Nd2 50. Rg3 Nxb3 51. Rb7 Nc5 52. Rc7 Ne6+ 53. Kf5 Nxc7 54. h5 Rh2 55. Kg6 Nd5 56. h6 Nf4+ 57. Kg7 Nh5+ 0-1

[Event "Online Olym Div2 B"]
[Site "Chess.com INT"]
[Date "2020.08.16"]
[Round "8.3"]
[White "Gong, Qianyun"]
[Black "Gitu, Paula Alexandra"]
[Result "1-0"]
[WhiteElo "2333"]
[BlackElo "2117"]
[PlyCount "75"]
[EventDate "2020.08.14"]
[EventType "team-tourn (rapid)"]
[EventRounds "9"]
[EventCountry "USA"]
[SourceTitle "CBM 198"]
[Source "ChessBase"]
[SourceDate "2020.10.31"]
[SourceVersion "1"]
[SourceVersionDate "2020.10.31"]
[SourceQuality "1"]
[WhiteTeam "Singapore"]
[BlackTeam "Moldova"]
[WhiteTeamCountry "SIN"]
[BlackTeamCountry "MDA"]

1. e4 d5 2. exd5 Qxd5 3. Nc3 Qd6 4. d4 Nf6 5. g3 c6 6. Bf4 Qd8 7. Bg2 Bf5 8. Nf3 e6 9. 0-0 Bd6 10. Ne5 0-0 11. Qe2 Qc7 12. Rfe1 Nbd7 13. Rad1 Rad8 14. Nxd7 Rxd7 15. Bg5 Be7 16. Nb1 Qa5 17. Bxf6 Bxf6 18. c3 Qxa2 19. Na3 Qb3 20. Ra1 a6 21. f4 Rfd8 22. g4 Bxg4 23. Qxg4 Qxb2 24. Qg3 c5 25. Nc4 Qb5 26. Ne5 Bxe5 27. dxe5 Rd3 28. Qh4 Qd7 29. Be4 Rd2 30. Qxh7+ Kf8 31. Qh8+ Ke7 32. Qxg7 Rf8 33. f5 exf5 34. e6 Qc7 35. Qg5+ Ke8 36. exf7+ Kxf7 37. Qxd2 Rg8+ 38. Kh1 1-0

[Event "Online Olym Div2 B"]
[Site "Chess.com INT"]
[Date "2020.08.15"]
[Round "6.3"]
[White "Tsolakidou, Stavroula"]
[Black "Gitu, Paula Alexandra"]
[Result "1-0"]
[WhiteElo "2391"]
[BlackElo "2117"]
[PlyCount "51"]
[EventDate "2020.08.14"]
[EventType "team-tourn (rapid)"]
[EventRounds "9"]
[EventCountry "USA"]
[SourceTitle "CBM 198"]
[Source "ChessBase"]
[SourceDate "2020.10.31"]
[SourceVersion "1"]
[SourceVersionDate "2020.10.31"]
[SourceQuality "1"]
[WhiteTeam "Greece"]
[BlackTeam "Moldova"]
[WhiteTeamCountry "GRE"]
[BlackTeamCountry "MDA"]

1. d4 d6 2. e4 Nf6 3. Nc3 e5 4. Nge2 Nc6 5. d5 Ne7 6. Bg5 Ng6 7. f3 h6 8. Be3 Be7 9. Qd2 Nh5 10. g3 Bg5 11. h4 Bxe3 12. Qxe3 a6 13. 0-0-0 Qe7 14. Bg2 Bd7 15. f4 exf4 16. gxf4 b5 17. Bf3 Nf6 18. h5 Nf8 19. Qd4 Rg8 20. e5 N6h7 21. Rhe1 Kd8 22. exd6 cxd6 23. Ng3 Qf6 24. Qb6+ Kc8 25. Nge4 Qxf4+ 26. Kb1 1-0

[Event "BEL-chT 1920"]
[Site "Belgium"]
[Date "2020.03.08"]
[Round "9.4"]
[White "Gitu, Paula Alexandra"]
[Black "De Rover, Yong Hoon"]
[Result "0-1"]
[WhiteElo "2119"]
[BlackElo "2370"]
[PlyCount "68"]
[EventDate "2019.09.29"]
[EventType "team-tourn"]
[EventRounds "11"]
[EventCountry "BEL"]
[SourceTitle "CBM 195 Extra"]
[Source "ChessBase"]
[SourceDate "2020.05.31"]
[SourceVersion "1"]
[SourceVersionDate "2020.05.31"]
[SourceQuality "1"]
[WhiteTeam "Europchess"]
[BlackTeam "Wachtebeke"]
[WhiteTeamCountry "BEL"]
[BlackTeamCountry "BEL"]

1. e4 c5 2. Nf3 d6 3. d4 cxd4 4. Qxd4 a6 5. c4 Nf6 6. Nc3 g6 7. b3 Bg7 8. Bb2 0-0 9. Be2 Nc6 10. Qd2 Rb8 11. 0-0 Qa5 12. Rab1 Re8 13. a3 Bg4 14. b4 Qb6 15. Nd5 Nxd5 16. exd5 Bxb2 17. dxc6 Bg7 18. cxb7 Qxb7 19. h3 Bf5 20. Rb3 Qa7 21. Bd3 Bd7 22. Re1 Rbc8 23. Bf1 a5 24. Qf4 axb4 25. axb4 Qa4 26. Reb1 Bf5 27. Bd3 e5 28. Qd2 Bxd3 29. Qxd3 e4 30. Qxd6 exf3 31. Rxf3 Qc2 32. Rfb3 Rcd8 33. Qg3 Rd1+ 34. Rxd1 Qxd1+ 0-1

[Event "EU-ch rapid (Women)"]
[Site "Monte Carlo"]
[Date "2019.12.01"]
[Round "9"]
[White "Gitu, Paula Alexandra"]
[Black "Arakhamia Grant, Ketevan"]
[Result "0-1"]
[WhiteElo "2118"]
[BlackElo "2376"]
[PlyCount "78"]
[EventDate "2019.11.30"]
[EventType "swiss (rapid)"]
[EventRounds "11"]
[EventCountry "MNC"]
[SourceTitle "CBM 193 Extra"]
[Source "ChessBase"]
[SourceDate "2020.01.31"]
[SourceVersion "1"]
[SourceVersionDate "2020.01.31"]
[SourceQuality "1"]

1. e4 c5 2. Nf3 Nc6 3. Bb5 g6 4. Bxc6 dxc6 5. d3 Bg7 6. h3 Nf6 7. Nc3 Nd7 8. Be3 e5 9. Qd2 h6 10. Nh2 b6 11. 0-0 Nf8 12. f4 exf4 13. Bxf4 Ne6 14. Bg3 0-0 15. Rae1 Nd4 16. e5 Nf5 17. Bf2 Be6 18. g4 Nd4 19. Bg3 Bd5 20. Ne4 Bxe4 21. Rxe4 Qd5 22. b3 Rad8 23. Qf2 Rd7 24. Nf3 Re8 25. Nxd4 cxd4 26. Rfe1 c5 27. Qe2 Rde7 28. Bh2 b5 29. Bg3 Re6 30. h4 Rc6 31. Bf2 Ra6 32. b4 cxb4 33. Rxd4 Qxa2 34. Bg3 Rc6 35. Rxb4 Rxc2 36. Qf3 a6 37. Rbe4 Qd5 38. d4 b4 39. Qd3 Rc3 0-1

[Event "EU-ch rapid (Women)"]
[Site "Monte Carlo"]
[Date "2019.12.01"]
[Round "11"]
[White "Gitu, Paula Alexandra"]
[Black "Buksa, Nataliya"]
[Result "1-0"]
[WhiteElo "2118"]
[BlackElo "2410"]
[PlyCount "61"]
[EventDate "2019.11.30"]
[EventType "swiss (rapid)"]
[EventRounds "11"]
[EventCountry "MNC"]
[SourceTitle "CBM 193 Extra"]
[Source "ChessBase"]
[SourceDate "2020.01.31"]
[SourceVersion "1"]
[SourceVersionDate "2020.01.31"]
[SourceQuality "1"]

1. e4 c5 2. Nf3 Nc6 3. Bb5 g6 4. Bxc6 dxc6 5. d3 Bg7 6. h3 Nf6 7. Nc3 Nd7 8. Be3 e5 9. Qd2 h6 10. Nh2 b6 11. 0-0 Nf8 12. f4 exf4 13. Bxf4 Ne6 14. Bg3 Qg5 15. Qe1 Nd4 16. Rc1 Be6 17. Bh4 Qe5 18. Nf3 Nxf3+ 19. Rxf3 0-0 20. Qe2 Rae8 21. Rcf1 c4 22. Bg3 cxd3 23. cxd3 Qc5+ 24. Bf2 Bd4 25. Qd2 Kg7 26. Ne2 Bxf2+ 27. R1xf2 Bxa2 28. b4 Qb5 29. Qxa2 Qxb4 30. Rxf7+ Kh8 31. Qa1+ 1-0

[Event "Kavala op 28th"]
[Site "Kavala"]
[Date "2019.08.04"]
[Round "1"]
[White "Gitu, Paula Alexandra"]
[Black "Andriasian, Zaven"]
[Result "0-1"]
[WhiteElo "2114"]
[BlackElo "2603"]
[PlyCount "72"]
[EventDate "2019.08.04"]
[EventType "swiss"]
[EventRounds "9"]
[EventCountry "GRE"]
[SourceTitle "CBM 191 Extra"]
[Source "ChessBase"]
[SourceDate "2019.09.30"]
[SourceVersion "1"]
[SourceVersionDate "2019.09.30"]
[SourceQuality "1"]

1. e4 g6 2. d4 Bg7 3. f4 a6 4. a4 d5 5. e5 h5 6. c3 Nh6 7. Nd2 Nf5 8. Ndf3 Nd7 9. Bd3 c5 10. Ne2 e6 11. g3 b6 12. Kf2 a5 13. h3 Ba6 14. Bxa6 Rxa6 15. Bd2 Ra8 16. Ne1 f6 17. Nc2 g5 18. exf6 Bxf6 19. Ne3 Nd6 20. Nf1 Qe7 21. Be3 Qg7 22. fxg5 Bxg5 23. Bxg5 Qxg5 24. Qd3 0-0+ 25. Kg1 c4 26. Qc2 Ne4 27. Rh2 Rf3 28. Rg2 Raf8 29. Nf4 Nxg3 30. Nxg3 Rxg3 31. Nxe6 Qe3+ 32. Kh2 Rff3 33. Rxg3+ Rxg3 34. Qf5 Nf6 35. Qf1 Rf3 36. Re1 Rf2+ 0-1

[Event "Olympiad Women-43"]
[Site "Batumi"]
[Date "2018.09.30"]
[Round "6.24"]
[White "Espinosa Cancino, Monica"]
[Black "Gitu, Paula Alexandra"]
[Result "0-1"]
[WhiteElo "1655"]
[BlackElo "2026"]
[PlyCount "64"]
[EventDate "2018.09.24"]
[EventType "team-swiss"]
[EventRounds "11"]
[EventCountry "GEO"]
[SourceTitle "EXT 2020"]
[Source "ChessBase"]
[SourceDate "2019.10.17"]
[SourceVersion "1"]
[SourceVersionDate "2019.10.17"]
[SourceQuality "1"]
[WhiteTeam "Scotland (W)"]
[BlackTeam "Moldova (W)"]
[WhiteTeamCountry "SCO"]
[BlackTeamCountry "MDA"]

1. Nf3 d5 2. d4 Nf6 3. c4 e6 4. g3 c6 5. Bg2 Bd6 6. 0-0 0-0 7. Nbd2 Nbd7 8. Qc2 Re8 9. Re1 e5 10. cxd5 Nxd5 11. Nc4 Bb4 12. Rd1 e4 13. Ng5 f5 14. a3 Bf8 15. Nh3 N7f6 16. Nf4 g5 17. Nxd5 cxd5 18. Nd2 f4 19. Nf1 Bd6 20. Bd2 Bf5 21. Qb3 Qd7 22. Rac1 Re7 23. Bb4 Bxb4 24. Qxb4 Rae8 25. Rc5 Bh3 26. Bh1 Qf5 27. Rdc1 Bxf1 28. Rxf1 f3 29. e3 Qh3 30. Rfc1 Ng4 31. Bxf3 Qxh2+ 32. Kf1 Qxf2# 0-1

[Event "Charleroi op"]
[Site "Charleroi"]
[Date "2018.07.30"]
[Round "3"]
[White "Gitu, Paula Alexandra"]
[Black "Barbier, Sigiswald"]
[Result "1-0"]
[WhiteElo "1990"]
[BlackElo "2117"]
[PlyCount "49"]
[EventDate "2018.07.28"]
[EventType "swiss"]
[EventRounds "9"]
[EventCountry "BEL"]
[SourceTitle "CBM 185 Extra"]
[Source "ChessBase"]
[SourceDate "2018.07.29"]
[SourceVersion "1"]
[SourceVersionDate "2018.07.29"]
[SourceQuality "1"]

1. e4 c5 2. Nf3 g6 3. c3 Bg7 4. d4 cxd4 5. cxd4 d5 6. e5 Bg4 7. Bb5+ Nc6 8. Nbd2 Nh6 9. 0-0 0-0 10. h3 Bf5 11. Bxc6 bxc6 12. Nb3 f6 13. exf6 exf6 14. Nc5 Nf7 15. Bf4 Nd6 16. Qa4 Nb5 17. Rac1 Qb6 18. Qb3 Qd8 19. Rfe1 Rf7 20. g4 Bd7 21. a4 Nc7 22. Qb7 Be8 23. Bxc7 Rxc7 24. Rxe8+ Qxe8 25. Qxc7 1-0

[Event "MDA-ch (Women)"]
[Site "Kishinev"]
[Date "2018.02.02"]
[Round "3"]
[White "Golban, Ludmila"]
[Black "Gitu, Paula Alexandra"]
[Result "0-1"]
[WhiteElo "1792"]
[BlackElo "2053"]
[PlyCount "74"]
[EventDate "2018.01.31"]
[EventType "tourn"]
[EventRounds "9"]
[EventCountry "MDA"]
[SourceTitle "CBM 182 Extra"]
[Source "ChessBase"]
[SourceDate "2018.02.23"]
[SourceVersion "1"]
[SourceVersionDate "2018.02.23"]
[SourceQuality "1"]

1. Nf3 d6 2. d4 Bg4 3. Nbd2 Nf6 4. h3 Bh5 5. b3 Nbd7 6. Bb2 d5 7. e3 e6 8. Bd3 c6 9. c3 Bd6 10. Qc2 Qe7 11. Ng5 e5 12. h4 e4 13. Bf1 Ng4 14. Be2 h6 15. Nh3 Qxh4 16. Nf1 f5 17. g3 Qe7 18. Nf4 Bf7 19. Bxg4 fxg4 20. Nh2 g5 21. Ng2 Qe6 22. Qe2 Nf6 23. 0-0-0 Ke7 24. Kb1 h5 25. Rc1 Qf5 26. Qc2 Bg6 27. Qd2 Nd7 28. Rcf1 Raf8 29. Qc1 Qe6 30. Ba3 a6 31. Bxd6+ Qxd6 32. Qd2 Rh7 33. Rc1 Rhf7 34. Rhf1 h4 35. Nxg4 hxg3 36. Kb2 Bh5 37. Ne5 Rxf2 0-1